Estimates of saving in India 1960-61 to 1965-66 (Record no. 496822)

000 -LEADER
fixed length control field 00363cam a22001097a 4500
008 - FIXED-LENGTH DATA ELEMENTS--GENERAL INFORMATION
fixed length control field 180718b1970 xxu||||| |||| 00| 0 eng d
082 ## - DEWEY DECIMAL CLASSIFICATION NUMBER
Classification number T1122x54 In2/1960-61-1965-66
245 ## - TITLE STATEMENT
Title Estimates of saving in India 1960-61 to 1965-66
Statement of responsibility, etc. by Department of Statistics
260 ## - PUBLICATION, DISTRIBUTION, ETC.
Place of publication, distribution, etc. Delhi
Name of publisher, distributor, etc. Government of India
Date of publication, distribution, etc. 1970
300 ## - PHYSICAL DESCRIPTION
Extent 21p
700 ## - ADDED ENTRY--PERSONAL NAME
Personal name India.Department of Statistics
Holdings
Withdrawn status Lost status Damaged status Not for loan Permanent Location Current Location Date acquired Full call number Barcode Date last seen Price effective from Koha item type
        Indian Institute of Public Administration Indian Institute of Public Administration 2018-08-04 T1122x54 In2/1960-61-1965-66 GG10860 2018-08-04 2018-08-04 GG

Powered by Koha